El derecho de alimentos a favor de la pareja de hecho afectiva / (Registro nro. 5831)
[ vista simple ]
| 000 -LEADER | |
|---|---|
| fixed length control field | 01586nab a22002177a 4500 |
| 003 - CONTROL NUMBER IDENTIFIER | |
| control field | OSt |
| 005 - DATE AND TIME OF LATEST TRANSACTION | |
| control field | 20260107125027.0 |
| 008 - FIXED-LENGTH DATA ELEMENTS--GENERAL INFORMATION | |
| fixed length control field | 190514b xxu||||| |||| 00| 0 spa d |
| 040 ## - CATALOGING SOURCE | |
| Transcribing agency | PJ |
| 100 ## - MAIN ENTRY--PERSONAL NAME | |
| 9 (RLIN) | 4481 |
| Personal name | Pérez Gallardo, Leonardo B. |
| 245 13 - TITLE STATEMENT | |
| Title | El derecho de alimentos a favor de la pareja de hecho afectiva / |
| Statement of responsibility, etc | Leonardo B. Pérez Gallardo. |
| 300 ## - PHYSICAL DESCRIPTION | |
| Extent | p. 156-177 |
| 505 ## - FORMATTED CONTENTS NOTE | |
| Formatted contents note | Sumario: I. Unas breves pinceladas históricas: de la equiparación matrimonial al reconocimiento judicial de la unión matrimonial no formalizada, realidades y mitos.— II. Matrimonio y unión de hecho afectiva, dos modos de constituir familia y un mismo efecto: el derecho de alimentos.— III. De la obligación de alimentos a favor del miembro de la pareja en situación de vulnerabilidad.—<br/>IV. De los alimentos a favor de los miembros de la pareja de hecho afectiva durante la existencia de esta.— V. Peculiaridades de los alimentos posruptura de la unión afectiva.— VI. Presupuestos para su exigibilidad.— VII. De la instrumentación notarial del pacto sobre alimentos posunión de hecho afectiva y del cauce procesal para su reclamación en sede judicial.— VIII. Causas de cesación.— IX. A modo conclusivo. |
| 505 ## - FORMATTED CONTENTS NOTE | |
| Title | Si te interesa el texto, comunicate a koha@justierradelfuego.gov.ar |
| 650 #0 - SUBJECT ADDED ENTRY--TOPICAL TERM | |
| 9 (RLIN) | 967 |
| Topical term or geographic name as entry element | DERECHO DE FAMILIA |
| 650 #0 - SUBJECT ADDED ENTRY--TOPICAL TERM | |
| 9 (RLIN) | 968 |
| Topical term or geographic name as entry element | ALIMENTOS |
| 650 #0 - SUBJECT ADDED ENTRY--TOPICAL TERM | |
| 9 (RLIN) | 4099 |
| Topical term or geographic name as entry element | CUOTA ALIMENTARIA |
| 650 #0 - SUBJECT ADDED ENTRY--TOPICAL TERM | |
| 9 (RLIN) | 1074 |
| Topical term or geographic name as entry element | OBLIGACION ALIMENTARIA |
| 773 0# - HOST ITEM ENTRY | |
| Host Biblionumber | 2844 |
| Host Itemnumber | 3222 |
| Place, publisher, and date of publication | Buenos Aires : AbeledoPerrot, 1989- |
| Title | Derecho de familia. N° 118 - Marzo 2025 |
| International Standard Book Number | 18511201 |
| 942 ## - ADDED ENTRY ELEMENTS (KOHA) | |
| Source of classification or shelving scheme | |
| Koha item type | Analítica Artículo de Revista |
No hay ítems disponibles.
